South Eastern Kenya University

Library Online Public Access Catalogue


Principles work environment management practices and students academic performance in public day secondary schools in Kitui West Sub-county, Kenya (Record no. 18784)

MARC details
000 -LEADER
fixed length control field 00376nam a22001097a 4500
050 ## - LIBRARY OF CONGRESS CALL NUMBER
Classification Number (The) HD 7694
Item Number .S9 2024
100 ## - MAIN ENTRY--Author
Personal name Syuki Norman Musyoki
245 ## - TITLE
Title Principles work environment management practices and students academic performance in public day secondary schools in Kitui West Sub-county, Kenya
300 ## - PHYSICAL DESCRIPTION
Extent 106p.
650 ## - SUBJECT--TOPIC
Topical term following geographic name as entry element school management
942 ## - ADDED ENTRY ELEMENTS(KOHA)
Source of classification or shelving scheme Library of Congress Classification
Koha item type Thesis
Holdings
Source of classification or shelving scheme Not for loan Location (home branch) Sublocation (holding branch) Shelving location Date accessioned Full call number Barcode Koha item type
Library of Congress Classification   Wote Campus Library Wote Campus Library Reference 09/03/2026 (The) HD 7694 .S9 2024 2024/027121 Thesis
Kitui, Kenya.
+254736116989
library@seku.ac.ke